|
|
|
|
| LEADER |
00000nam0a2200000 4500 |
| 001 |
131574 |
| 005 |
20231031134519.0 |
| 010 |
|
|
|a 5982981249
|
| 035 |
|
|
|a (RuTPU)RU\TPU\book\142501
|
| 090 |
|
|
|a 131574
|
| 100 |
|
|
|a 20080219d2007 m y0rusy50 ca
|
| 101 |
0 |
|
|a rus
|
| 102 |
|
|
|a RU
|
| 105 |
|
|
|a a z 000za
|
| 200 |
1 |
|
|a Гену поднять! 1936-1946
|e [воспоминания]
|f Г. П. Бурцев
|
| 210 |
|
|
|a Томск
|c Изд-во ТПУ
|d 2007
|
| 215 |
|
|
|a 323 с.
|c ил.
|
| 330 |
|
|
|a У Геннадия Бурцева, выпускника Томского политехнического университета, окончившего впоследствии ещё и Республиканское художественное училище в городе Душанбе - целых два десятка увлечений, и в каждом из них он добился ощутимых результатов. В мире словесного сочинительства стихи, сказки для взрослых... Мать научила сыночка разговаривать с каждой интересной веткой, не бояться встречи с опаснейшим зверем. И вот результаты. В повествованиях Геннадия Павловича вы найдёте не только описания его странствий по экзотическим местам (однажды ему светило восемь солнышек сразу, и дважды стремистые реки бежали снизу вверх!), но и контакты со змеями, волками, снежными людьми, загадочным НЛО... В тринадцатый том вошли воспоминания о далёком детстве, совпавшем с жестокой войной, принесшей массу лишений. Как-то из американской помощи отрезали ломтик сыра и положили на пайку хлеба - вместо ожидаемой радости маленький Геннадий горько заплакал: «Зачем вы хлеб мой испортили мылом?» За пять лет отсутствия отца полевая почта дважды приносила похоронку. И всё-таки он вернулся живой! Какие силы оба раза воскресили командира батареи? Не поверите, первый раз «спасли» сапоги, а во второй -сухари. И конечно же, ещё какие-то сверхъестественные силы.
|
| 600 |
|
1 |
|a Бурцев
|b Г. П.
|c российский художник
|c выпускник ФТФ ТПИ 1960
|f 1936-
|g Геннадий Павлович
|y Томск
|2 stltpush
|3 (RuTPU)RU\TPU\pers\7948
|
| 610 |
1 |
|
|a русская литература
|
| 610 |
1 |
|
|a проза
|
| 610 |
1 |
|
|a воспоминания
|
| 610 |
1 |
|
|a автобиографическая проза
|
| 700 |
|
1 |
|a Бурцев
|b Г. П.
|c российский художник
|c выпускник ФТФ ТПИ 1960
|f 1936-
|g Геннадий Павлович
|2 stltpush
|3 (RuTPU)RU\TPU\pers\7948
|
| 801 |
|
1 |
|a RU
|b 63413507
|c 20080219
|g PSBO
|
| 801 |
|
2 |
|a RU
|b 63413507
|c 20161017
|g PSBO
|
| 942 |
|
|
|c BK
|